| 000 | 01675 a2200217 4500 | ||
|---|---|---|---|
| 001 | 46854 | ||
| 005 | 20260407155739.0 | ||
| 008 | 260407a1984 arg spa d | ||
| 003 | AR-UNSa-BCEJYS | ||
| 040 |
_aAR-UNSa-BCEJYS _bspa _cAR-UNSa-BCEJYS |
||
| 080 |
_a341.9 _xDerecho Internacional Privado. Conflictos de Leyes |
||
| 245 | 1 | 0 | _aManual del Derecho Internacional Privado |
| 020 | _a950-21-0020-4 | ||
| 250 | _a6a.ed. | ||
| 264 | 1 |
_aBuenos Aires : _bPlus Ultra _c1984 |
|
| 300 |
_a711 p. _c23 cm. |
||
| 505 | _a1. Introducción - 2. Historia del derecho internacional privado (Las doctrinas estatutarias) - 3. Historia del derecho internacional privado (La doctrina angloamericana) - 4. Las normas jurídicas indirectas. Las calificaciones. La cuestión previa. El fraude a la ley - 5. La teoría del reenvío. El derecho extranjero en el proceso. El orden público - 6. El domicilio - 7. Las personas físicas. Los incapaces y su protección - 8. Personas jurídicas de carácter público y de carácter privado - 9. El matrimonio - 10. Separación y divorcio. Bigamia. La filiación. La adopción - 11. Sucesiones - 12. Cosas y derechos reales. La lex rei sitae. La ley personal. La prescripción adquisitiva. El buque y su relación jurídica. La propiedad espiritual - 13. Forma de los actos jurídicos. La regla locus regit actum. Soluciones - 14. De las obligaciones - 15. Derecho internacional privado comercial - 16. Sociedades comerciales - 17. Derecho procesal internacional - 18. Régimen de la quiebra extranacional - 19. Derecho penal internacional. | ||
| 942 | _cBK | ||
| 590 | _aniveau_biblio:m niveau_hierar:0 | ||
| 100 | 1 | _aKaller de Orchansky, Berta | |
| 999 |
_c4253 _d4253 |
||